Hráme sa s prierezovými témami /
Uložené v:
| Hlavný autor: | |
|---|---|
| Médium: | Kniha |
| Jazyk: | Slovak |
| Vydané: |
[Bratislava] :
Pro Solutions,
2012.
|
| Vydanie: | [1. vyd.] |
| Témy: | |
| ISBN: |
9788081390111 (brož.) |
| Fyzický popis: |
170 s. : fotogr. ; 21 cm. |
| Tagy: |
Pridať tag
Žiadne tagy, Buďte prvý kto otaguje tento záznam!
|
Titul je dostupný aj v ... 

MARC
| LEADER | 00000nam a2200000 a 4500 | ||
|---|---|---|---|
| 001 | 000396708 | ||
| 005 | 20130227085400.0 | ||
| 008 | 120606s2012 xo o e f 000 0 slo d | ||
| 020 | |a 9788081390111 (brož.) | ||
| 040 | |a SVKKK |b slo |c SVKKK |e AACR2 | ||
| 041 | 0 | |a slo | |
| 044 | |a xo |c SK | ||
| 072 | 7 | |a 373.2/.3 |x Predškolská a primárna výchova a vzdelávanie |2 konspekt | |
| 080 | |a 373.2 |2 2001 | ||
| 080 | |a 379.8:793/796 |2 2001 | ||
| 080 | |a 001.83 |2 2001 | ||
| 080 | |a (035) |2 2001 | ||
| 100 | 1 | |a Paľková, Jarmila | |
| 245 | 1 | 0 | |a Hráme sa s prierezovými témami / |c Jarmila Paľková. |
| 250 | |a [1. vyd.] | ||
| 260 | |a [Bratislava] : |b Pro Solutions, |c 2012. | ||
| 300 | |a 170 s. : |b fotogr. ; |c 21 cm. | ||
| 504 | |a Bibliografia: s. 168-170 | ||
| 650 | 0 | 7 | |a predškolská výchova |2 SVKKKPH |
| 650 | 0 | 7 | |a hry |x interdisciplinárne aspekty |2 SVKKKPH |
| 655 | 7 | |a príručky |2 SVKKKPH | |
| 910 | |a svkkk | ||
| 919 | |a 978-80-8139-011-1 | ||
| 998 | |a BK | ||
| 090 | |g SCKHL |k Sklad Hlavná 10 prízemie |a III.224189 |j 1039647 |i 2720271590 |s Absenčne | ||
| 090 | |g SCKHL |k Sklad Hlavná 10 prízemie |a III.224190 |j 1039648 |i 2720271589 |s Absenčne | ||